00552nam a22001932 4500001001100000005001700011008004100028020002800069040001500097050002300112100003500135245008100170250001300251260003500264300002100299700003200320852000300352852000300355000000070220151021151048.0070215s xx 000 0 eng d a0802429165 :cKES 2,100 aKABUcKABU 0aBS475.2b.G39 19861 aGeisler, Norman L.@000014812812aA General introduction to the Bible /cNorman L. Geisler and William E. Nix. arev. ed. aChicago :bMoody Press,c1986. a724 p. ;c24 cm.1 aNix, William E.@00001490061 1